Statystyki dla 15 Największych Miast Niemiec

Kliknij tutaj aby rozwiązać quiz!

Ogólne statystyki

  • Ten quiz został rozwiązany 53 razy
  • Średni wynik to 10 z 15

Statystyki odpowiedzi

Liczba LudnościMiasto% Poprawnych
3 275 000Berlin
100%
1 429 584Monachium
100%
580 400Dortmund
92%
1 891 810Hamburg
90%
1 007 100Kolonia
88%
522 900Lipsk
84%
606 600Stuttgart
76%
523 100Drezno
67%
547 400Brema
59%
598 800Dusseldorf
51%
688 700Frankfurt nad Menem
49%
522 700Hanower
39%
505 700Norymberga
39%
574 600Essen
37%
489 600Duisburg
18%

Rozkład punktacji

Percentyl według liczby udzielonych odpowiedzi

Procent ludzi z każdym wynikiem

Twoja historia wyników

Nie rozwiązałeś tego quizu